00585nam a2200169Ia 4500008004100000020001500041041000800056082001700064100002400081245007800105250000600183260004900189300000800238650001800246999001900264952013200283210716s2001 xx 000 0 und d a8187328355 aeng a005.133 VARP aVaralakshmi, P V N. aProjects using c: with concepts and algorithms.bConcepts and algorithms. a1 aChennaibScitech Publications Pvt Ltd.c2001 a509 aC Programming c186319d186319 00102ddc40738MCAaAIMITbAIMITeBook Palaceg220.00l0o005.133 VARPpMCA05827r2025-07-21 00:00:00v176.00w2021-07-16yBK